000 00550nam a22002177a 4500
003 UA-OsUOA
001 45105
007 ta
008 20070327b un ||||| |||| 00| 0 ukr d
100 _aМельник С.
090 _a330(477)
_bМ-11
942 _cSA
040 _aUA-OsUOA
_bukr
_cUA-OsUOA
_dUA-OsUOA
245 _aБідність працюючих: міфи та реальність
300 _aС.7
955 _a0
041 _aukr
080 _a330(477)
773 0 _w45104
650 7 _a330 Економіка взагалі
_2UDC
999 _c331212
_d331212